Organizational Behavior (Record no. 3217)

MARC details
000 -LEADER
fixed length control field 00340nam a2200145Ia 4500
008 - FIXED-LENGTH DATA ELEMENTS--GENERAL INFORMATION
fixed length control field 191201s2012 xx 000 0 und d
082 ## - DEWEY DECIMAL CLASSIFICATION NUMBER
Classification number 658.5
Item number MCO
100 ## - MAIN ENTRY--PERSONAL NAME
Personal name MCSHANE, Steven L
245 #0 - TITLE STATEMENT
Title Organizational Behavior
250 ## - EDITION STATEMENT
Edition statement 3rd
260 ## - PUBLICATION, DISTRIBUTION, ETC. (IMPRINT)
Place of publication, distribution, etc N.Delhi
Name of publisher, distributor, etc Tata Mc Graw Hill
Date of publication, distribution, etc 2012
300 ## - PHYSICAL DESCRIPTION
Extent 793
650 ## - SUBJECT ADDED ENTRY--TOPICAL TERM
Topical term or geographic name as entry element MBA
942 ## - ADDED ENTRY ELEMENTS (KOHA)
Source of classification or shelving scheme Dewey Decimal Classification
Koha item type Text Books
Holdings
Withdrawn status Lost status Source of classification or shelving scheme Damaged status Not for loan Collection code Home library Current library Date acquired Source of acquisition Cost, normal purchase price Bill Number Total Checkouts Full call number Acc. no. / Barcode Date last seen Date last borrowed Bill Date Koha item type Public note
    Dewey Decimal Classification     MBA PIET C-LIBRARY PIET C-LIBRARY 14/09/2007 UDH, Delhi 375.00 1575 1 658.3 MCO 7861 25/11/2023 22/01/2022 31/08/2007 Text Books .
    Dewey Decimal Classification     MBA PIET C-LIBRARY PIET C-LIBRARY 14/09/2007 UDH, Delhi 375.00 1575   658.3 MCO 7863 04/12/2019   31/08/2007 Text Books  
    Dewey Decimal Classification     MBA PIET C-LIBRARY PIET C-LIBRARY 14/09/2007 UDH, Delhi 375.00 1575 1 658.3 MCO 7864 10/07/2023 19/06/2023 31/08/2007 Text Books  
    Dewey Decimal Classification     MBA PIET C-LIBRARY PIET C-LIBRARY 28/09/2007 J B C, New Delhi 375.00 1092   658.3 MCO 8409 04/12/2019   24/09/2007 Text Books  
    Dewey Decimal Classification     MBA PIET C-LIBRARY PIET C-LIBRARY 28/09/2007 J B C, New Delhi 375.00 1092   658.3 MCO 8410 04/12/2019   24/09/2007 Text Books  
    Dewey Decimal Classification     MBA PIET C-LIBRARY PIET C-LIBRARY 28/09/2007 J B C, New Delhi 375.00 1092   658.3 MCO 8411 04/12/2019   24/09/2007 Text Books  
    Dewey Decimal Classification     MBA PIET C-LIBRARY PIET C-LIBRARY 28/09/2007 J B C, New Delhi 375.00 1092   658.3 MCO 8412 04/12/2019   24/09/2007 Text Books  

Design & Developed by: PIET Central Library
R70 Miles Stone Pattikalyana Samalkha Panipat 132102
mail ID :- [email protected], Phone No:- 0180-2569700 Ex.216